| 000 | 00959nas a2200253 i 4500 | ||
|---|---|---|---|
| 001 | 252403 | ||
| 005 | 20260309151944.0 | ||
| 007 | ta | ||
| 008 | 260309e2002 dr mn|p|r||||||0| | spa d | ||
| 040 |
_aDO-SdBNP _bspa _cBNPHU _erda |
||
| 041 | _hspa | ||
| 110 |
_aUniversidad Autónoma de Santo Domingo (UASD) _984760 |
||
| 245 | _aAcontecer Uasdiano : boletín | ||
| 264 |
_aSanto Domingo, República Dominicana : _bUniversidad Autónoma de Santo Domingo (UASD), _c2002. |
||
| 300 |
_avolumen : _bilustraciones, fotografías ; _c28 x21.5 cm. |
||
| 310 | _aMensual. | ||
| 336 |
_atexto _btxt _2rdacontent |
||
| 337 |
_asin mediación _bn _2rdamedia |
||
| 338 |
_avolumen _bnc _2rdacarrier |
||
| 362 | _aAño 7. No. 744, mayo 2002. | ||
| 500 | _aCatalogación basada en el: Año 7. No. 744, mayo 2002. | ||
| 650 |
_948051 _aUniversidad Autónoma de Santo Domingo (UASD) _vBoletín _vPublicaciones periódicas _zRepública Dominicana |
||
| 942 |
_2ddc _cISSUE |
||
| 999 |
_c60471 _d60471 |
||